| 000 | 00786nas a2200253 4500 | ||
|---|---|---|---|
| 001 | BR7700086 | ||
| 003 | BR-BrBNA | ||
| 005 | 20231205083030.0 | ||
| 007 | ta | ||
| 008 | 230509b bl.|||p| |||| 00| 00por d | ||
| 040 |
_aBR-BrBNA _bpor _cBiblioteca Nacional de Agricultura |
||
| 041 | _a(Pt) | ||
| 072 | _aL10 | ||
| 100 | 1 | _aOliveira Filho, E.B. de | |
| 100 | 1 | _aCarneiro, G.G. | |
| 100 | 1 | _aMoreira, H.A. | |
| 100 | 1 | _aSzechy, A.M. de | |
| 245 | 1 | _aIdade a primeira cria em um rebanho nelore [gado zebu, Brasil] | |
| 650 | _aGADO NELORE | ||
| 650 | _aPRIMEIRA CRIA | ||
| 773 | 0 |
_tArquivos da Escola de Veterinaria da Universidade Federal de Minas Gerais (Brazil) _x _g(1975), v. 27(2) p. 141-153 _wBR7700086 |
|
| 909 |
_a202311 _bLúcia _c55 _dLúcia Elande |
||
| 942 |
_2AGRIS _n0 _cANA |
||
| 999 |
_c95905 _d95905 |
||